Stacje kolejowe obsługiwane przez Koleje Mazowieckie - Statystyki

Ogólne statystyki
  • Ten quiz został rozwiązany 309 razy
    199 od ostatniego zresetowania
  • Średni wynik to 106 z 325
Statystyki odpowiedzi
Linia Nazwa stacji % Poprawnych
Linia średnicowa Warszawa Wschodnia
93%
Linia średnicowa Warszawa Zachodnia
92%
Linia średnicowa Warszawa Centralna
90%
Linia średnicowa Warszawa Śródmieście
88%
Linia średnicowa Warszawa Stadion
88%
Linia średnicowa Warszawa Powiśle
83%
Linia średnicowa Warszawa Ochota
81%
Linia obwodowa Warszawa ZOO
80%
Warszawa - Skierniewice (LK1) Skierniewice
76%
Linia obwodowa Warszawa Gdańska
75%
Linia średnicowa Warszawa Główna
75%
Linia obwodowa Warszawa Wola
75%
Warszawa - Czyżew (LK6) Tłuszcz
73%
Warszawa - Działdowo (LK9 i 456) Legionowo
72%
Warszawa - Łuków (LK2) Siedlce
72%
Warszawa - Czyżew (LK6 i 21) Zielonka
72%
Warszawa - Łuków (LK2) Warszawa Rembertów
71%
Warszawa - Skierniewice (LK1 i 447) Warszawa Ursus
71%
Warszawa - Dęblin (LK7) Dęblin
70%
Tłuszcz - Ostrołęka (LK29) Ostrołęka
70%
Warszawa - Skierniewice (LK1 i 447) Pruszków
70%
Warszawa - Czyżew (LK21) Warszawa Wileńska
69%
Warszawa - Skierniewice (LK1) Żyrardów
69%
Warszawa - Skierniewice (LK1 i 447) Grodzisk Mazowiecki
68%
Kutno - Sierpc (LK33) Kutno
68%
Warszawa - Łuków (LK2) Mińsk Mazowiecki
68%
Wwa Służewiec - Wwa Lotnisko (LK440) Warszawa Lotnisko Chopina
68%
Warszawa - Skierniewice (LK1 i 447) Warszawa Ursus Niedźwiadek
68%
Warszawa - Skierniewice (LK1 i 447) Warszawa Włochy
68%
Warszawa - Łuków (LK2) Łuków
67%
Warszawa - Czyżew (LK6) Czyżew
66%
Warszawa - Dęblin (LK7) Otwock
66%
Warszawa - Skierniewice (LK1 i 447) Piastów
66%
Warszawa - Radom (LK8) Radom Główny
66%
Kutno - Sierpc (LK33) Sierpc
66%
Linia obwodowa Warszawa Koło
66%
Linia obwodowa Warszawa Młynów
64%
Linia obwodowa Warszawa Powązki
64%
Warszawa - Działdowo (LK9) Modlin
63%
Kutno - Sierpc (LK33) Płock
63%
Warszawa - Dęblin (LK7) Warszawa Anin
63%
Warszawa - Skierniewice (LK1 i 447) Brwinów
62%
Warszawa - Działdowo (LK9) Nasielsk
62%
Warszawa - Dęblin (LK7) Warszawa Falenica
62%
Warszawa - Czyżew (LK21) Warszawa Zacisze-Wilno
62%
Warszawa - Czyżew (LK21) Ząbki
62%
Warszawa - Łuków (LK2) Sulejówek
61%
Ostrołęka - Szczytno (LK35) Szczytno
61%
Siedlce - Czeremcha (LK31) Czeremcha
60%
Drzewica - Radom (LK22) Drzewica
60%
Warszawa - Radom (LK8) Piaseczno
60%
Radom - Skarżysko-Kamienna (LK8) Skarżysko-Kamienna
60%
Warszawa - Dęblin (LK7) Warszawa Wawer
60%
Warszawa - Dęblin (LK7) Warszawa Grochów
59%
Warszawa - Radom (LK8) Warszawa Rakowiec
59%
Warszawa - Radom (LK8) Warszawa Służewiec
59%
Warszawa - Czyżew (LK6 i 21) Wołomin
59%
Warszawa - Skierniewice (LK1 i 447) Milanówek
58%
Warszawa - Działdowo (LK9) Nowy Dwór Mazowiecki
58%
Warszawa - Kutno (LK3) Sochaczew
58%
Warszawa - Łuków (LK2) Sulejówek Miłosna
58%
Warszawa - Radom (LK8) Warszawa Aleje Jerozolimskie
58%
Warszawa - Dęblin (LK7) Warszawa Olszynka Grochowska
58%
Warszawa - Działdowo (LK9 i 456) Warszawa Praga
58%
Warszawa - Łuków (LK2) Warszawa Wesoła
58%
Warszawa - Działdowo (LK9) Działdowo
57%
Warszawa - Kutno (LK3) Ożarów Mazowiecki
57%
Warszawa - Radom (LK8) Warszawa Dawidy
57%
Warszawa - Kutno (LK3) Warszawa Gołąbki
57%
Warszawa - Radom (LK8) Warszawa Okęcie
57%
Warszawa - Działdowo (LK9) Warszawa Targówek
57%
Warszawa - Kutno (LK3) Warszawa Ursus Północny
57%
Warszawa - Radom (LK8) Warszawa Żwirki i Wigury
57%
Warszawa - Dęblin (LK7) Warszawa Gocławek
56%
Warszawa - Zielonka (LK449) Warszawa Mokry Ług
56%
Warszawa - Łuków (LK2) Warszawa Wola Grzybowska
56%
Warszawa - Kutno (LK3) Błonie
55%
Warszawa - Czyżew (LK6 i 21) Kobyłka
55%
Warszawa - Czyżew (LK6) Małkinia
55%
Warszawa - Radom (LK8) Warszawa Jeziorki
55%
Warszawa - Dęblin (LK7) Warszawa Międzylesie
55%
Warszawa - Dęblin (LK7) Warszawa Radość
55%
Warszawa - Dęblin (LK7) Józefów
53%
Warszawa - Działdowo (LK9 i 456) Legionowo Przystanek
53%
Warszawa - Czyżew (LK6) Łochów
53%
Warszawa - Działdowo (LK9) Mława
53%
Warszawa - Łuków (LK2) Mrozy
53%
Warszawa - Działdowo (LK9 i 456) Warszawa Toruńska
53%
Warszawa - Działdowo (LK9 i 456) Warszawa Żerań
53%
Warszawa - Czyżew (LK6 i 21) Wołomin Słoneczna
53%
Czachówek Wsch. - Góra Kalwaria (LK12) Góra Kalwaria
52%
Warszawa - Działdowo (LK9 i 456) Warszawa Choszczówka
52%
Warszawa - Łuków (LK2) Halinów
51%
Warszawa - Skierniewice (LK1 i 447) Parzniew
50%
Nasielsk - Sierpc (LK27) Płońsk
50%
Warszawa - Dęblin (LK7) Warszawa Miedzeszyn
50%
Warszawa - Działdowo (LK9 i 456) Warszawa Płudy
50%
Warszawa - Zielonka (LK449) Zielonka Bankowa
50%
Warszawa - Kutno (LK3) Łowicz Główny
49%
Warszawa - Radom (LK8) Warka
49%
Tłuszcz - Ostrołęka (LK29) Wyszków
49%
Warszawa - Dęblin (LK7) Garwolin
48%
Warszawa - Skierniewice (LK1) Jaktorów
48%
Warszawa - Czyżew (LK6 i 21) Kobyłka Ossów
48%
Warszawa - Dęblin (LK7) Pilawa
48%
Legionowo - Tłuszcz (LK10) Radzymin
48%
Warszawa - Łuków (LK2) Siedlce Zachodnie
48%
Warszawa - Skierniewice (LK1) Skierniewice Rawka
48%
Warszawa - Działdowo (LK9) Ciechanów
47%
Warszawa - Dęblin (LK7) Michalin
47%
Warszawa - Kutno (LK3) Teresin-Niepokalanów
46%
Warszawa - Radom (LK8) Radom Północny
45%
Warszawa - Kutno (LK3) Płochocin
44%
Warszawa - Radom (LK8) Czachówek Południowy
43%
Czachówek Wsch. - Góra Kalwaria (LK12) Czachówek Wschodni
43%
Kutno - Sierpc (LK33) Gostynin
43%
Legionowo - Tłuszcz (LK10) Legionowo Piaski
43%
Warszawa - Działdowo (LK9) Mława Miasto
43%
Warszawa - Skierniewice (LK1) Radziwiłłów Mazowiecki
43%
Warszawa - Skierniewice (LK1) Sucha Żyrardowska
43%
Warszawa - Radom (LK8) Nowa Iwiczna
42%
Legionowo - Tłuszcz (LK10) Wieliszew
42%
Warszawa - Łuków (LK2) Cegłów
41%
Warszawa - Łuków (LK2) Dębe Wielkie
41%
Warszawa - Skierniewice (LK1) Międzyborów
41%
Ostrołęka - Szczytno (LK35) Chorzele
40%
Legionowo - Tłuszcz (LK10) Nieporęt
40%
Radom - Skarżysko-Kamienna (LK8) Radom Południowy
40%
Warszawa - Łuków (LK2) Siedlce Wschodnie
40%
Warszawa - Dęblin (LK7) Celestynów
39%
Warszawa - Łuków (LK2) Mińsk Mazowiecki Anielina
39%
Siedlce - Czeremcha (LK31) Mordy
39%
Warszawa - Dęblin (LK7) Otwock Świder
39%
Dęblin - Radom (LK26) Pionki
39%
Radom - Skarżysko-Kamienna (LK8) Szydłowiec
39%
Warszawa - Czyżew (LK6) Zagościniec
39%
Warszawa - Łuków (LK2) Cisie
38%
Warszawa - Skierniewice (LK1) Jesionka
38%
Warszawa - Łuków (LK2) Nowe Dębe Wielkie
38%
Drzewica - Radom (LK22) Przysucha
38%
Warszawa - Radom (LK8) Zalesie Górne
38%
Warszawa - Działdowo (LK9 i 456) Chotomów
37%
Warszawa - Dęblin (LK7) Otwock Śródborów
37%
Warszawa - Radom (LK8) Radom Gołębiów
37%
Warszawa - Kutno (LK3) Błonie Rokitno
36%
Warszawa - Działdowo (LK9) Pomiechówek
36%
Kutno - Sierpc (LK33) Kutno Azory
35%
Siedlce - Czeremcha (LK31) Siemiatycze
32%
Warszawa - Działdowo (LK9) Ciechanów Przemysłowy
31%
Warszawa - Radom (LK8) Warka Miasto
31%
Warszawa - Czyżew (LK6) Klembów
30%
Dęblin - Radom (LK26) Pionki Zachodnie
30%
Warszawa - Czyżew (LK6) Szulborze Wielkie
30%
Warszawa - Łuków (LK2) Wrzosów
30%
Warszawa - Radom (LK8) Czachówek Górny
29%
Radom - Skarżysko-Kamienna (LK8) Jastrząb
29%
Warszawa - Radom (LK8) Chynów
28%
Warszawa - Radom (LK8) Dobieszyn
28%
Dęblin - Radom (LK26) Jedlnia Letnisko
28%
Warszawa - Dęblin (LK7) Kołbiel
28%
Warszawa - Radom (LK8) Lesiów
28%
Legionowo - Tłuszcz (LK10) Michałów-Reginów
28%
Siedlce - Czeremcha (LK31) Mordy Miasto
28%
Siedlce - Czeremcha (LK31) Nurzec
28%
Warszawa - Radom (LK8) Ustanówek
28%
Warszawa - Czyżew (LK6) Dobczyn
27%
Dęblin - Radom (LK26) Garbatka Letnisko
27%
Warszawa - Łuków (LK2) Grodziszcze Mazowieckie
27%
Warszawa - Działdowo (LK9) Janówek
27%
Warszawa - Dęblin (LK7) Łaskarzew
27%
Warszawa - Radom (LK8) Radom Stara Wola
27%
Warszawa - Czyżew (LK6) Urle
27%
Legionowo - Tłuszcz (LK10) Dąbkowizna
26%
Kutno - Sierpc (LK33) Płock Radziwie
26%
Warszawa - Dęblin (LK7) Pogorzel Warszawska
26%
Warszawa - Czyżew (LK6) Prostyń
26%
Nasielsk - Sierpc (LK27) Raciąż
26%
Legionowo - Tłuszcz (LK10) Krusze
25%
Ostrołęka - Szczytno (LK35) Wielbark
25%
Drzewica - Radom (LK22) Wolanów
25%
Warszawa - Radom (LK8) Grabów nad Pilicą
24%
Radom - Skarżysko-Kamienna (LK8) Rożki
24%
Warszawa - Czyżew (LK6) Zaręby Kościelne
24%
Warszawa - Kutno (LK3) Boża Wola
23%
Nasielsk - Sierpc (LK27) Cieksyn
23%
Radom - Skarżysko-Kamienna (LK8) Gąsawy Plebańskie
23%
Warszawa - Czyżew (LK6) Kietlanka
23%
Kutno - Sierpc (LK33) Łąck
23%
Radom - Skarżysko-Kamienna (LK8) Lipowe Pole
23%
Warszawa - Kutno (LK3) Seroki
23%
Warszawa - Dęblin (LK7) Stara Wieś
23%
Warszawa - Łuków (LK2) Kotuń
22%
Siedlce - Czeremcha (LK31) Nowy Nurzec
22%
Dęblin - Radom (LK26) Zajezierze koło Dęblina
22%
Warszawa - Czyżew (LK6) Jasienica Mazowiecka
21%
Dęblin - Radom (LK26) Jedlnia Kościelna
21%
Siedlce - Czeremcha (LK31) Sarnaki
21%
Warszawa - Dęblin (LK7) Sobolew
21%
Dęblin - Radom (LK26) Bąkowiec
20%
Warszawa - Kutno (LK3) Mysłaków
20%
Drzewica - Radom (LK22) Radom Potkanów
20%
Drzewica - Radom (LK22) Wieniawa
20%
Ostrołęka - Szczytno (LK35) Szymany
19%
Dęblin - Radom (LK26) Antoniówka
18%
Warszawa - Działdowo (LK9) Brody Warszawskie
18%
Warszawa - Działdowo (LK9) Iłowo
18%
Tłuszcz - Ostrołęka (LK29) Lucynów
18%
Warszawa - Czyżew (LK6) Mokra Wieś
18%
Warszawa - Działdowo (LK9) Narzym
18%
Warszawa - Czyżew (LK6) Ostrówek Węgrowski
18%
Siedlce - Czeremcha (LK31) Stok Lacki
18%
Kutno - Sierpc (LK33) Strzelce Kujawskie
18%
Warszawa - Radom (LK8) Sułkowice
18%
Warszawa - Czyżew (LK6) Topór
18%
Warszawa - Kutno (LK3) Witanów
18%
Warszawa - Kutno (LK3) Bednary
17%
Warszawa - Radom (LK8) Michalczew
17%
Warszawa - Kutno (LK3) Piasecznica
17%
Dęblin - Radom (LK26) Rajec Poduchowny
17%
Warszawa - Radom (LK8) Bartodzieje
16%
Kutno - Sierpc (LK33) Susk
16%
Dęblin - Radom (LK26) Żytkowice
16%
Warszawa - Kutno (LK3) Nowa Sucha
15%
Kutno - Sierpc (LK33) Płock Trzepowo
15%
Warszawa - Łuków (LK2) Barcząca
14%
Dęblin - Radom (LK26) Groszowice Wrzosów
14%
Warszawa - Radom (LK8) Krężel
14%
Warszawa - Czyżew (LK6) Chrzęsne
13%
Drzewica - Radom (LK22) Kosów
13%
Warszawa - Łuków (LK2) Krynka Łukowska
13%
Warszawa - Łuków (LK2) Mienia
13%
Siedlce - Czeremcha (LK31) Niemojki
13%
Radom - Skarżysko-Kamienna (LK8) Ruda Wielka
13%
Warszawa - Działdowo (LK9) Studzianki Nowe
13%
Tłuszcz - Ostrołęka (LK29) Mostówka
12%
Tłuszcz - Ostrołęka (LK29) Pasieki
12%
Warszawa - Łuków (LK2) Sabinka
12%
Tłuszcz - Ostrołęka (LK29) Goworowo
11%
Tłuszcz - Ostrołęka (LK29) Grzegorzewo
11%
Warszawa - Kutno (LK3) Kornelin
11%
Drzewica - Radom (LK22) Skrzynno
11%
Warszawa - Działdowo (LK9) Gąsocin
10%
Warszawa - Łuków (LK2) Koszewnica
10%
Tłuszcz - Ostrołęka (LK29) Prabuty Góry
10%
Kutno - Sierpc (LK33) Raciborów Kutnowski
10%
Warszawa - Czyżew (LK6) Sadowne Węgrowskie
10%
Drzewica - Radom (LK22) Kończyce Radomskie
9%
Siedlce - Czeremcha (LK31) Platerów
9%
Warszawa - Czyżew (LK6) Barchów
8%
Tłuszcz - Ostrołęka (LK29) Gierwaty
8%
Warszawa - Dęblin (LK7) Leokadia
8%
Tłuszcz - Ostrołęka (LK29) Przetycz
8%
Warszawa - Dęblin (LK7) Ruda Talubska
8%
Siedlce - Czeremcha (LK31) Sycze
8%
Nasielsk - Sierpc (LK27) Wkra
8%
Warszawa - Dęblin (LK7) Życzyn
8%
Drzewica - Radom (LK22) Zygmuntów
8%
Warszawa - Łuków (LK2) Borki Kosy
7%
Siedlce - Czeremcha (LK31) Borowiki
7%
Warszawa - Działdowo (LK9) Gołotczyzna
7%
Tłuszcz - Ostrołęka (LK29) Jarzębia Łąka
7%
Warszawa - Kutno (LK3) Jasionna Łowicka
7%
Warszawa - Dęblin (LK7) Mika
7%
Warszawa - Dęblin (LK7) Rokitnia Stara
7%
Warszawa - Łuków (LK2) Sosnowe
7%
Warszawa - Czyżew (LK6) Szewnica
7%
Warszawa - Dęblin (LK7) Augustówka
6%
Warszawa - Łuków (LK2) Białki Siedleckie
6%
Warszawa - Dęblin (LK7) Chrosna
6%
Siedlce - Czeremcha (LK31) Patków
6%
Warszawa - Kutno (LK3) Kęszyce
6%
Warszawa - Radom (LK8) Strzyżyna
6%
Warszawa - Działdowo (LK9) Stupsk Mazowiecki
6%
Warszawa - Działdowo (LK9) Świercze
6%
Radom - Skarżysko-Kamienna (LK8) Wola Lipieniecka
6%
Nasielsk - Sierpc (LK27) Baboszewo
5%
Tłuszcz - Ostrołęka (LK29) Dalekie
5%
Siedlce - Czeremcha (LK31) Fronołów
5%
Warszawa - Radom (LK8) Gośniewice
5%
Kutno - Sierpc (LK33) Gozdowo
5%
Warszawa - Radom (LK8) Kruszyna
5%
Siedlce - Czeremcha (LK31) Krzymosze
5%
Kutno - Sierpc (LK33) Proboszczewice Płockie
5%
Kutno - Sierpc (LK33) Rogożew
5%
Kutno - Sierpc (LK33) Sierakówek
5%
Warszawa - Radom (LK8) Wola Bierwiecka
5%
Nasielsk - Sierpc (LK27) Zawidz
5%
Siedlce - Czeremcha (LK31) Cierpigórz
4%
Warszawa - Łuków (LK2) Dziewule
4%
Warszawa - Dęblin (LK7) Grabniak
4%
Warszawa - Łuków (LK2) Kosiorki
4%
Warszawa - Łuków (LK2) Radomyśl
4%
Warszawa - Dęblin (LK7) Zabieżki
4%
Nasielsk - Sierpc (LK27) Arcelin
3%
Warszawa - Działdowo (LK9) Czeruchy
3%
Radom - Skarżysko-Kamienna (LK8) Dąbrówka Zabłotnia
3%
Nasielsk - Sierpc (LK27) Kaczorowo
3%
Warszawa - Działdowo (LK9) Kałęczyn
3%
Nasielsk - Sierpc (LK27) Koziebrody
3%
Warszawa - Działdowo (LK9) Krośnice Mazowieckie
3%
Ostrołęka - Szczytno (LK35) Parciaki
3%
Tłuszcz - Ostrołęka (LK29) Rybienko
3%
Drzewica - Radom (LK22) Smogorzów Przysuski
3%
Warszawa - Dęblin (LK7) Wola Rowska
3%
Warszawa - Dęblin (LK7) Wygoda
3%
Nasielsk - Sierpc (LK27) Zawidz Kościelny
3%
Tłuszcz - Ostrołęka (LK29) Zygmuntowo Mazowieckie
3%
Nasielsk - Sierpc (LK27) Dalanówek
2%
Ostrołęka - Szczytno (LK35) Grabowo
2%
Warszawa - Działdowo (LK9) Jackowo Dworskie
2%
Warszawa - Działdowo (LK9) Kątne
2%
Warszawa - Działdowo (LK9) Konopki
2%
Tłuszcz - Ostrołęka (LK29) Leszczydół
2%
Ostrołęka - Szczytno (LK35) Nowa Wieś Kościelna
2%
Ostrołęka - Szczytno (LK35) Raszujka
2%
Ostrołęka - Szczytno (LK35) Siódmak
2%
Drzewica - Radom (LK22) Bieliny Opoczyńskie
1%
Drzewica - Radom (LK22) Chronów
1%
Ostrołęka - Szczytno (LK35) Jastrząbka
1%
Ostrołęka - Szczytno (LK35) Jesionowiec
1%
Ostrołęka - Szczytno (LK35) Olszewka
1%
Drzewica - Radom (LK22) Podbór
1%
Warszawa - Działdowo (LK9) Wyszyny
1%
Ostrołęka - Szczytno (LK35) Zabiele Wielkie
1%
Nasielsk - Sierpc (LK27) Mieszaki
0%
Nie znaleziono quizów pasujących do podanych kryteriów
Rozkład punktacji
Procent ludzi z każdym wynikiem
Percentyl według liczby udzielonych odpowiedzi
Twoja historia wyników
Nie rozwiązałeś tego quizu od ostatniego zresetowania